La forma del Derecho
Gardado en:
| Autor Principal: | |
|---|---|
| Formato: | Libro |
| Idioma: | Lingua castelá |
| Publicado: |
Madrid
Marcial Pons
2016
|
| Edición: | 1a. ed |
| Subjects: | |
| Tags: |
Engadir etiqueta
Sen Etiquetas, Sexa o primeiro en etiquetar este rexistro!
|
MARC
| LEADER | 00000cam a2200000 a 4500 | ||
|---|---|---|---|
| 001 | UCD5250 | ||
| 003 | CL-VaPUC | ||
| 008 | 160819e20160000sp |||||||||||||||||spa|d | ||
| 020 | |a 9788491230403 | ||
| 082 | 0 | 4 | |a 340.01 |b ATR |2 21 |
| 100 | |a Atria Lemaitre, Fernando |e author |9 525444 | ||
| 245 | 1 | 3 | |a La forma del Derecho |
| 250 | |a 1a. ed | ||
| 300 | |a 500 p | ||
| 942 | |c BK | ||
| 945 | |d 20160819 12:52:00 |a dcastane | ||
| 260 | |a Madrid |b Marcial Pons |c 2016 | ||
| 650 | 0 | |a Filosofía del derecho |9 255050 | |
| 650 | 0 | |a Teoría del derecho |9 255982 | |
| 583 | |a last modification |c 20160819 12:52:00 |k Rodrigo Vera | ||
| 999 | |c 365976 |d 365974 | ||
| 952 | |0 0 |1 0 |3 erb |4 0 |6 340_010000000000000_ATR_2016 |7 0 |8 A |9 479971 |a BIBDER |b BIBDER |i 5338689 |l 6 |o 340.01 ATR 2016 |p 5338689 |r 2024-06-11 |s 2024-06-11 |w 2019-11-24 |y BK |z Catalogado en:20160819 |k DER | ||